| 000 | 00839nam a22002537a 4500 | ||
|---|---|---|---|
| 005 | 20170123162336.0 | ||
| 010 | _aA-770348 | ||
| 020 | _c60.00 | ||
| 035 | _aA-770348 | ||
| 037 | _bCen Lib/Ret | ||
| 040 |
_aDPL _bUR |
||
| 082 |
_a842 _bش ا ه |
||
| 100 |
_aشاہد زرمی _9139026 |
||
| 245 |
_aاپٹا اور اردو ڈرامہ / _cشاہد زرمی |
||
| 246 |
_aApta aur urdu drama / _bby Shahid Zarmi |
||
| 260 |
_aنیی دہلی _bتخلکار پبلشرس _c1995 |
||
| 270 |
_bنیی دہلی _a١٧٧٩، کچہ دکھنی رہے دریاگنج _e110002 |
||
| 300 |
_a128p. _c21cm(Hb) |
||
| 650 |
_aادب -- اردو _9139027 |
||
| 650 |
_aاردو ڈرامے _9139028 |
||
| 650 |
_aLiterature -- urdu _9139029 |
||
| 650 |
_aUrdu drame _9139030 |
||
| 942 |
_2ddc _cUR _h921 _mش ا ه |
||
| 999 |
_c108182 _d108182 |
||